000 00618nam a2200157 i 4500
001 25290
003 ES-MaACL
005 20230906153230.0
007 t|
008 021223s1910 sp ||||1| spa d
100 1 _aArancibia y Lebario, Juan de.
_922275
245 1 0 _aEscuela de Artes y Oficios y de Capataces de Bilbao
_b: memoria relativa al curso de 1909 a 1910 /
_cpresentada por el Secretario de la Junta Juan de Arancibia y Lebario.
260 _aBilbao :
_b[s.n.,
_c1910] (
_fImp. de la Casa de Misericordia)
610 2 4 _aEscuela de Artes y Oficios (Bilbao)-
_vMemorias.
_9153306
852 _aES-MaACL
_jT-1237-F-2
999 _c25290
_d25290